000 00977nam a22002657a 4500
003 OSt
005 20240404204714.0
008 100322s2020 dr 000 0 spa d
020 _a9789945094992
040 _aDO-SdBNP
_bspa
_cBNPHU
082 4 _a338.54
_bC697c
_222
100 1 _aCollado, Faustino ,
_937920
_d1954-
245 1 0 _aCiclos económicos, crisis y nuevo sistema social, 1929-2029 /
_cFaustino Collado
260 _aSanto Domingo :
_bCopyprint Cesar SRL,
_c2020.
300 _a384 p. ;
_c21 cm.
500 _aIncluye datos biográficos del autor en las solapas
504 _aBibliografía : p. 377-383
590 _aInventariado, 2021/ YL
590 _aLa biblioteca posee un (1) ejemplar autografiado por el autor.
650 4 _aCiclos económicos
_y1929-2029
_978786
650 0 _aCapitalismo
_9280
651 4 _aRepublica Dominicana
_xCondiciones económicas
_y1929-2029
_978787
910 _aYLOCKWARD /Validado. Control de calidad MFF
942 _2ddc
_cLBS1
999 _c49610
_d49610